000 00818nam a2200229Ii 4500
003 JO-AjNU
008 230605s9999||||xx |||||||||||||| ||und||
017 _a2008/12/4092
020 _a978-9957-38-136-3
040 _aJO-AjNU
_bara
_erda
_cJO-AjNU
041 _aara
050 1 4 _aLC3993.Q27 2009
100 3 _aقطناني،محمد حسين مؤلف/المعادات،سعد موسى م.مشارك,
_eauthor
_928556
245 0 0 _aإرشاد الأطفال الموهوبين:دليل المعلم والمربي
250 _aط1
264 3 1 _aعمان:دارجرير،2009
300 _a380ص
336 _atext
_btxt
_2rdacontent
337 _aunmediated
_bn
_2rdamedia
338 _avolume
_bnc
_2rdacarrier
650 4 _aالأطفال الموهوبون-تعليم-التوجيه التربوي
_928557
999 _aA11091
_c14659
_d14659